000 00591nam a22002297a 4500
003 UA-OsUOA
001 42922
007 ta
008 20061130b un ||||| |||| 00| 0 ukr d
100 _aЧантурия В. А.
090 _a72(476)
_bЧ-18
942 _cBK
040 _aUA-OsUOA
_brus
_cUA-OsUOA
_dUA-OsUOA
245 _aАрхитектурние памятники Белоруссии
300 _a222 с.
955 _a2
041 _arus
080 _a72(476)
260 _aМінск
_bПолимя
_c1982
650 7 _a72 Архітектура
_2UDC
999 _c329054
_d329054